| 000 | 01051cam a2200325 a 4500 | ||
|---|---|---|---|
| 001 | 60237 | ||
| 005 | 20230410103721.0 | ||
| 008 | 070222s2007 sp b 001 0 spa | ||
| 010 | _a 2007469920 | ||
| 035 | _a(OCoLC)ocn175286629 | ||
| 040 |
_aDLC _cDLC _dIUL |
||
| 020 | _a9788496467408 | ||
| 020 | _a8496467406 | ||
| 035 | _a(OCoLC)175286629 | ||
| 043 | _ae-sp--- | ||
| 050 | 1 | 4 |
_a315 DP 75 _bS714n 2007 |
| 049 | _aGRAL | ||
| 100 | 1 | _aSoria Mesa, Enrique. | |
| 245 | 1 | 3 |
_aLa nobleza en la EspaƱa moderna : _bcambio y continuidad / _cEnrique Soria Mesa. |
| 260 |
_aMadrid : _bMarcial Pons Ediciones de Historia, _c2007. |
||
| 300 |
_a371 p. ; _c22 cm. |
||
| 490 | 1 | _aHistoria Marcial Pons | |
| 504 | _aIncludes bibliographical references (p. 326-351) and index. | ||
| 650 | 0 |
_aNobility _zSpain. |
|
| 650 | 0 |
_aStreet-railroads _zSpain _zCadiz _xHistory _y20th century. |
|
| 650 | 0 |
_aStreet-railroads _zSpain _zSan Fernando _xHistory _y20th century. |
|
| 830 | 0 | _aEstudios (Marcial Pons (Firm)) | |
| 942 |
_2lcc _cbk |
||
| 994 |
_aC0 _bDRFGD |
||
| 999 |
_c24470 _d24470 |
||